DESIGN BY USE THE EVERYDAY METAMORPHOSIS (Record no. 1174808)

MARC details
000 -LEADER
fixed length control field 00334nam a2200121Ia 4500
008 - FIXED-LENGTH DATA ELEMENTS--GENERAL INFORMATION
fixed length control field 230724s2012 xx und d
020 ## - INTERNATIONAL STANDARD BOOK NUMBER
International Standard Book Number 9788190662529
041 ## - LANGUAGE CODE
Language code of text/sound track or separate title eng
100 ## - MAIN ENTRY--PERSONAL NAME
Personal name BRANDS U.
245 ## - TITLE STATEMENT
Title DESIGN BY USE THE EVERYDAY METAMORPHOSIS
260 ## - PUBLICATION, DISTRIBUTION, ETC.
Name of publisher, distributor, etc. BOARD OF INTERNATIONAL RESEARCH IN DESIGN BORD
Date of publication, distribution, etc. 2012
300 ## - PHYSICAL DESCRIPTION
Extent 192
Holdings
Withdrawn status Lost status Damaged status Not for loan Home library Current library Date acquired Source of acquisition Cost, normal purchase price Total Checkouts Barcode Date last seen Price effective from Koha item type
        College of Architecture, Pune College of Architecture, Pune 23/07/2024 BHARATI MADYAWARTI SAHAKARI GRAHAK BHANDAR LTD. 2432.00   ARP-BARCH-3664 23/07/2024 23/07/2024 Book